|
|
|
|
| LEADER |
00000nam0a2200000 4500 |
| 001 |
337918 |
| 005 |
20231102005010.0 |
| 035 |
|
|
|a (RuTPU)RU\TPU\book\364406
|
| 090 |
|
|
|a 337918
|
| 100 |
|
|
|a 20171115d1974 m y0rusy50 ca
|
| 101 |
0 |
|
|a rus
|
| 102 |
|
|
|a RU
|
| 105 |
|
|
|a a j 001zy
|
| 200 |
1 |
|
|a Основные принципы управления летательными аппаратами на расстоянии
|e учебник
|f А. Н. Гелюх
|
| 210 |
|
|
|a Москва
|c Машиностроение
|d 1974
|
| 215 |
|
|
|a 136 с.
|c ил.
|
| 320 |
|
|
|a Библиогр.: с. 133-134
|
| 606 |
1 |
|
|a Летательные аппараты
|x Управление
|x Оптимизация
|x Математические методы
|2 stltpush
|3 (RuTPU)RU\TPU\subj\40113
|9 59984
|
| 610 |
1 |
|
|a задачи
|
| 610 |
1 |
|
|a классификация
|
| 610 |
1 |
|
|a системы автоматического регулирования
|
| 610 |
1 |
|
|a элементы
|
| 610 |
1 |
|
|a реле
|
| 610 |
1 |
|
|a датчики
|
| 610 |
1 |
|
|a исполнительные устройства
|
| 610 |
1 |
|
|a гироскопические приборы
|
| 610 |
1 |
|
|a автономные системы
|
| 610 |
1 |
|
|a системы наведения
|
| 610 |
1 |
|
|a системы радиотелеуправления
|
| 610 |
1 |
|
|a системы самонаведения
|
| 610 |
1 |
|
|a эффективность
|
| 610 |
1 |
|
|a помехозащищенность
|
| 610 |
1 |
|
|a надежность
|
| 610 |
1 |
|
|a учебники
|
| 675 |
|
|
|a 629.73.05(075.3)
|v 4
|
| 700 |
|
1 |
|a Гелюх
|b А. Н.
|g Анатолий Николаевич
|
| 801 |
|
1 |
|a RU
|b 63413507
|c 20171115
|
| 801 |
|
2 |
|a RU
|b 63413507
|c 20220505
|g RCR
|
| 942 |
|
|
|c BK
|